[Event "DEM U10/U10w 2010"]
[Site "Oberhof GER"]
[Date "2010.05.23"]
[Round "1"]
[White "Lagunow, Raphael"]
[Black "Mildner, Ramón"]
[Result "1-0"]
[Termination "normal"]
[Board "1"]
[WhiteElo "1623"]
[BlackElo "1200"]
[PlyCount "51"]
[WhiteFideId "24652644"]
[BlackFideId "12909645"]
[EventCountry "GER"]
[EventRounds "11"]
[EventType "swiss"]
[EventDate "2010.05.22"]

1. e4 c5 2. c3 Nf6 3. e5 Nd5 4. d4 cxd4 5. cxd4 Nc6 6. Bc4 e6 7. Nf3 d6 8. O-O
Be7 9. Nbd2 O-O 10. Ne4 Nb6 11. Bb3 d5 12. Ng3 Bd7 13. Bc2 Re8 14. a3 Bf8 15.
Bxh7+ Kxh7 16. Ng5+ Kg8 17. Qh5 Qxg5 18. Bxg5 Nxd4 19. Qh4 Nb3 20. Rad1 Bb5 21.
Rfe1 Nc4 22. Nh5 Nxb2 23. Nf6+ gxf6 24. Bxf6 Bg7 25. Qg4 Bc4 26. Qxg7# 1-0

[Event "DEM U10/U10w 2010"]
[Site "Oberhof GER"]
[Date "2010.05.23"]
[Round "1"]
[White "Niermann, Tristan"]
[Black "Dürr, Florian"]
[Result "1/2-1/2"]
[Termination "normal"]
[Board "2"]
[WhiteElo "1199"]
[BlackElo "1750"]
[PlyCount "100"]
[WhiteFideId "12990698"]
[BlackFideId "24659134"]
[EventCountry "GER"]
[EventRounds "11"]
[EventType "swiss"]
[EventDate "2010.05.22"]

1. e4 e6 2. d4 d5 3. Nc3 Nf6 4. e5 Nfd7 5. f4 c5 6. Nf3 Nc6 7. Be3 Qb6 8. Qd2
cxd4 9. Nxd4 Bc5 10. Na4 Bb4 11. c3 Qa5 12. Bb5 Nxd4 13. Qxd4 Qxb5 14. Qxb4
Qxb4 15. cxb4 b6 16. Rc1 O-O 17. O-O Ba6 18. Rfd1 Rac8 19. Nc3 Rc7 20. Nxd5
Rxc1 21. Ne7+ Kh8 22. Rxc1 Bd3 23. Rc8 Ba6 24. Rxf8+ Nxf8 25. Nc6 Nd7 26. Nxa7
Bc4 27. b3 Bd3 28. Nc8 b5 29. a4 Nb8 30. Nd6 Nc6 31. Nxf7+ Kg8 32. Nd6 bxa4 33.
bxa4 Nxb4 34. a5 g6 35. Bc5 Nc6 36. Kf2 Nxa5 37. Ke3 Bf5 38. Nxf5 gxf5 39. h3
h5 40. Kf3 Nb3 41. Be7 Kf7 42. Bf6 Nd2+ 43. Kg3 Kg6 44. Kf2 Ne4+ 45. Kf3 Nxf6
46. exf6 Kxf6 47. g4 hxg4+ 48. hxg4 fxg4+ 49. Kxg4 Kg6 50. Kf3 Kf5 1/2-1/2

[Event "DEM U10/U10w 2010"]
[Site "Oberhof GER"]
[Date "2010.05.23"]
[Round "1"]
[White "Ovsepyan, Arshak"]
[Black "Siegl, Adrian"]
[Result "1-0"]
[Termination "normal"]
[Board "3"]
[WhiteElo "1945"]
[BlackElo "1198"]
[PlyCount "83"]
[WhiteFideId "24690236"]
[BlackFideId "12930156"]
[EventCountry "GER"]
[EventRounds "11"]
[EventType "swiss"]
[EventDate "2010.05.22"]

1. e4 c5 2. Nf3 Nc6 3. d4 cxd4 4. Nxd4 e5 5. Nb5 Nf6 6. Bg5 d6 7. N1c3 a6 8.
Bxf6 gxf6 9. Na3 f5 10. Bd3 Qg5 11. g3 f4 12. Nd5 Kd8 13. c3 b5 14. Be2 Rg8 15.
h4 Qg6 16. gxf4 exf4 17. f3 Qg2 18. Kd2 Ne5 19. Kc1 Rg3 20. Nxf4 Bh6 21. Qxd6+
Nd7 22. Qxh6 Qxh1+ 23. Bd1 Rg1 24. Kc2 Qh2+ 25. Kb3 Qd2 26. Ne6+ fxe6 27. Qxd2
Ke7 28. Qh2 Rg7 29. Qc7 Kf6 30. f4 Bb7 31. e5+ Kf5 32. Bc2+ Be4 33. Bxe4+ Kxe4
34. Qc6+ Kf5 35. Qxa8 Nc5+ 36. Kb4 Nd3+ 37. Ka5 Nxb2 38. Qf8+ Kg6 39. h5+ Kh6
40. Qf6+ Rg6 41. hxg6 hxg6 42. Rh1# 1-0

[Event "DEM U10/U10w 2010"]
[Site "Oberhof GER"]
[Date "2010.05.23"]
[Round "1"]
[White "Sadewasser, Lucie"]
[Black "Gungl, Theo"]
[Result "1/2-1/2"]
[Termination "normal"]
[Board "4"]
[WhiteElo "1197"]
[BlackElo "1682"]
[PlyCount "120"]
[WhiteFideId "12905445"]
[BlackFideId "24695653"]
[EventCountry "GER"]
[EventRounds "11"]
[EventType "swiss"]
[EventDate "2010.05.22"]

1. e4 c6 2. d4 d5 3. Nc3 dxe4 4. Nxe4 Bf5 5. Nc5 b6 6. Nb3 Nf6 7. Bd3 Bg6 8.
Nf3 e6 9. Bg5 Be7 10. O-O Nbd7 11. Qe2 Nd5 12. Bxe7 Qxe7 13. Bxg6 hxg6 14. c4
N5f6 15. h3 Rh5 16. Rfc1 c5 17. Rd1 Rc8 18. Rd2 g5 19. Rad1 cxd4 20. Rxd4 e5
21. Re1 e4 22. Nbd2 Nc5 23. b4 Ne6 24. Nxe4 Rc7 25. Nxf6+ gxf6 26. Re4 Kf8 27.
Nd4 Rh6 28. Nxe6+ fxe6 29. Rxe6 Qxb4 30. Re8+ Kg7 31. Re7+ Rxe7 32. Qxe7+ Qxe7
33. Rxe7+ Kg6 34. Rxa7 Rh4 35. Rb7 Rxc4 36. Rxb6 Rc1+ 37. Kh2 Rc2 38. a4 Rxf2
39. a5 Ra2 40. a6 Ra1 41. Kg3 Ra3+ 42. Kh2 Ra1 43. g3 Ra2+ 44. Kg1 Kf5 45. Rb5+
Kg6 46. Rb6 Kf5 47. g4+ Kg6 48. Kf1 Ra1+ 49. Ke2 Ra3 50. Kd2 Rxh3 51. a7 Ra3
52. Rb7 Ra6 53. Kc3 f5 54. gxf5+ Kxf5 55. Kb4 g4 56. Kb5 Ra1 57. Kb6 g3 58. Rb8
g2 59. Rg8 Rb1+ 60. Kc5 Ra1 1/2-1/2

[Event "DEM U10/U10w 2010"]
[Site "Oberhof GER"]
[Date "2010.05.23"]
[Round "1"]
[White "Greßmann, Moritz"]
[Black "Reimers, Kim"]
[Result "1-0"]
[Termination "normal"]
[Board "5"]
[WhiteElo "1600"]
[BlackElo "1192"]
[PlyCount "73"]
[WhiteFideId "24695084"]
[BlackFideId "12930377"]
[EventCountry "GER"]
[EventRounds "11"]
[EventType "swiss"]
[EventDate "2010.05.22"]

1. Nf3 g6 2. e4 Bg7 3. d4 d6 4. c3 f5 5. exf5 Bxf5 6. Bd3 Bxd3 7. Qxd3 Nd7 8.
O-O Ngf6 9. Ng5 Nf8 10. Qb5+ Qd7 11. Qxb7 Qc8 12. Qc6+ N6d7 13. Qd5 Kd8 14.
Nf7+ Ke8 15. Nxh8 Bxh8 16. Bg5 e6 17. Qf3 Rb8 18. Qe2 Nb6 19. Bh6 Nbd7 20. Na3
Qb7 21. Rab1 Bf6 22. Bxf8 Nxf8 23. Qf3 Qxf3 24. gxf3 Kd7 25. f4 Kc6 26. Nc2 Nd7
27. Nb4+ Kb7 28. Rfe1 Nf8 29. d5 Re8 30. dxe6 Nxe6 31. Nd5 Bg7 32. Re3 Kc8 33.
Rbe1 Kd7 34. f5 gxf5 35. Nf4 Bh6 36. Rxe6 Rxe6 37. Nxe6 1-0

[Event "DEM U10/U10w 2010"]
[Site "Oberhof GER"]
[Date "2010.05.23"]
[Round "1"]
[White "Kirn, Niklas Johann"]
[Black "Baberz, Alexander"]
[Result "1-0"]
[Termination "normal"]
[Board "6"]
[WhiteElo "1188"]
[BlackElo "1567"]
[PlyCount "33"]
[WhiteFideId "12910899"]
[BlackFideId "12921734"]
[EventCountry "GER"]
[EventRounds "11"]
[EventType "swiss"]
[EventDate "2010.05.22"]

1. e4 c5 2. Nf3 d6 3. d4 cxd4 4. Nxd4 Nf6 5. Nc3 a6 6. Bc4 e6 7. Bg5 Be7 8. Qe2
Nbd7 9. O-O-O h6 10. Bh4 Qc7 11. Qd3 Ne5 12. Qg3 Nh5 13. Qh3 Nxc4 14. Bxe7 e5
15. Qxh5 exd4 16. Rxd4 Kxe7 17. Nd5+ 1-0

[Event "DEM U10/U10w 2010"]
[Site "Oberhof GER"]
[Date "2010.05.23"]
[Round "1"]
[White "Pallas, Sebastian"]
[Black "Rogozenco, Teodora Nana"]
[Result "1-0"]
[Termination "normal"]
[Board "7"]
[WhiteElo "1560"]
[BlackElo "1186"]
[PlyCount "45"]
[WhiteFideId "12905453"]
[BlackFideId "12938084"]
[EventCountry "GER"]
[EventRounds "11"]
[EventType "swiss"]
[EventDate "2010.05.22"]

1. e4 c5 2. Nf3 d6 3. d4 cxd4 4. Nxd4 Nf6 5. Nc3 g6 6. Be3 Bg7 7. f3 O-O 8. Qd2
Nc6 9. O-O-O Bd7 10. g4 Rc8 11. h4 h5 12. Nd5 Kh8 13. Nxf6 Bxf6 14. Nxc6 Rxc6
15. Bd4 Kh7 16. Bxf6 exf6 17. gxh5 gxh5 18. Bd3 f5 19. Qf4 Qf6 20. exf5 Qh6 21.
f6+ Qg6 22. Bxg6+ fxg6 23. Rxd6 1-0

[Event "DEM U10/U10w 2010"]
[Site "Oberhof GER"]
[Date "2010.05.23"]
[Round "1"]
[White "Matzeit, Adrian"]
[Black "Schröder, Kevin"]
[Result "0-1"]
[Termination "normal"]
[Board "8"]
[WhiteElo "1175"]
[BlackElo "1557"]
[PlyCount "90"]
[WhiteFideId "12946737"]
[BlackFideId "12929840"]
[EventCountry "GER"]
[EventRounds "11"]
[EventType "swiss"]
[EventDate "2010.05.22"]

1. e4 c5 2. Nf3 d6 3. d4 cxd4 4. Nxd4 Nf6 5. Nc3 a6 6. Bg5 e6 7. Be2 Be7 8. f4
O-O 9. O-O Nbd7 10. Nb3 b5 11. a3 Bb7 12. Bd3 Rc8 13. Qd2 h6 14. Bh4 Qb6+ 15.
Bf2 Qc7 16. Rae1 Nb6 17. Bxb6 Qxb6+ 18. Kh1 Rfd8 19. f5 e5 20. Qe3 Qxe3 21.
Rxe3 d5 22. exd5 Nxd5 23. Nxd5 Bxd5 24. Be4 Bxe4 25. Rxe4 Rxc2 26. Rb1 Rxb2 27.
Ree1 Rxb1 28. Rxb1 Bxa3 29. h3 b4 30. Nc5 Rd6 31. Ne4 Rc6 32. Kh2 a5 33. Nd2 a4
34. Re1 b3 35. Nb1 Bb4 36. Re2 a3 37. Re4 a2 38. Rxb4 axb1=Q 39. Rb8+ Kh7 40.
f6 Rxf6 41. Rh8+ Kxh8 42. h4 Qe4 43. h5 Qh4+ 44. Kg1 Qf2+ 45. Kh2 Rf4 0-1

[Event "DEM U10/U10w 2010"]
[Site "Oberhof GER"]
[Date "2010.05.23"]
[Round "1"]
[White "Litzka, Richard"]
[Black "Ramien, David"]
[Result "1-0"]
[Termination "normal"]
[Board "9"]
[WhiteElo "1543"]
[BlackElo "1172"]
[PlyCount "49"]
[BlackFideId "12948241"]
[EventCountry "GER"]
[EventRounds "11"]
[EventType "swiss"]
[EventDate "2010.05.22"]

1. e4 g6 2. d4 Bg7 3. Nf3 d6 4. Nc3 Nf6 5. Bd3 Bg4 6. Be3 Nbd7 7. h3 Bxf3 8.
Qxf3 e5 9. d5 O-O 10. g4 h5 11. Rg1 c6 12. Bg5 Qc7 13. gxh5 Nxh5 14. O-O-O Rfe8
15. Kb1 Nhf6 16. Bc4 b5 17. Bb3 a5 18. dxc6 Qxc6 19. Bxf6 Nxf6 20. Rxg6 a4 21.
Rdg1 axb3 22. Rxg7+ Kf8 23. Qxf6 bxc2+ 24. Kc1 Qxc3 25. Rg8# 1-0

[Event "DEM U10/U10w 2010"]
[Site "Oberhof GER"]
[Date "2010.05.23"]
[Round "1"]
[White "Stobbe, Frederik"]
[Black "Höglauer, Patrick"]
[Result "0-1"]
[Termination "normal"]
[Board "10"]
[WhiteElo "1157"]
[BlackElo "1768"]
[PlyCount "90"]
[BlackFideId "1270548"]
[EventCountry "GER"]
[EventRounds "11"]
[EventType "swiss"]
[EventDate "2010.05.22"]

1. e4 d6 2. d4 g6 3. Nf3 Bg7 4. Nc3 Nf6 5. Bd3 Nc6 6. Be3 Bd7 7. O-O O-O 8. Qd2
e5 9. d5 Ne7 10. h3 c6 11. Bc4 cxd5 12. exd5 Ne8 13. a4 f5 14. Bh6 Rc8 15. Bxg7
Kxg7 16. Bb3 Nf6 17. Nb5 Ne4 18. Qe3 a6 19. Nxd6 Nxd6 20. Qxe5+ Rf6 21. Rfe1
Ne4 22. Ng5 Nxg5 23. Qxe7+ Qxe7 24. Rxe7+ Rf7 25. Rae1 Kf6 26. d6 Rxe7 27. Rxe7
Bc6 28. h4 Ne4 29. Be6 Nxd6 30. Bxc8 Kxe7 31. Bxf5 Nxf5 32. a5 Nxh4 33. f3 Kf6
34. g3 Nxf3+ 35. Kf2 Ke5 36. c3 Ke4 37. b4 h5 38. c4 g5 39. b5 axb5 40. cxb5
Bxb5 41. Kg2 Ke3 42. a6 Bxa6 43. Kh1 b5 44. Kg2 b4 45. Kh3 Bf1# 0-1

[Event "DEM U10/U10w 2010"]
[Site "Oberhof GER"]
[Date "2010.05.23"]
[Round "1"]
[White "Peter, Anton"]
[Black "Arnhold, Steffi"]
[Result "0-1"]
[Termination "normal"]
[Board "11"]
[WhiteElo "1499"]
[BlackElo "1145"]
[PlyCount "62"]
[WhiteFideId "12901660"]
[BlackFideId "12931365"]
[EventCountry "GER"]
[EventRounds "11"]
[EventType "swiss"]
[EventDate "2010.05.22"]

1. d4 Nf6 2. c4 e6 3. Nf3 b6 4. Nc3 Bb4 5. Bg5 Bb7 6. a3 Bxc3+ 7. bxc3 O-O 8.
Qd2 d6 9. e3 Re8 10. Bd3 Nbd7 11. e4 Bxe4 12. O-O-O Bxd3 13. Qxd3 Rb8 14. h4 h6
15. Bf4 a6 16. a4 d5 17. Ne5 Ne4 18. Rdf1 Rb7 19. f3 Nef6 20. g4 h5 21. g5 dxc4
22. Nxc4 Nd5 23. Bd2 b5 24. axb5 axb5 25. Nb2 b4 26. c4 Ne7 27. f4 Nf5 28. d5
Nc5 29. Qf3 g6 30. dxe6 Ra7 31. exf7+ Kxf7 0-1

[Event "DEM U10/U10w 2010"]
[Site "Oberhof GER"]
[Date "2010.05.23"]
[Round "1"]
[White "Walker, Julia"]
[Black "Graf, Clara Victoria"]
[Result "0-1"]
[Termination "normal"]
[Board "12"]
[WhiteElo "1145"]
[BlackElo "1736"]
[PlyCount "50"]
[WhiteFideId "1271852"]
[BlackFideId "1270339"]
[EventCountry "GER"]
[EventRounds "11"]
[EventType "swiss"]
[EventDate "2010.05.22"]

1. e4 c5 2. Nc3 Nc6 3. g3 g6 4. d3 Bg7 5. Be3 d6 6. Qd2 Nd4 7. Bg2 Nf6 8. O-O-O
Ng4 9. Bf4 e5 10. Be3 Nxe3 11. Qxe3 O-O 12. Kb1 b5 13. f4 b4 14. Nd5 a5 15. f5
a4 16. h4 b3 17. c3 Nc2 18. Qe2 a3 19. f6 Bxf6 20. Nxf6+ Qxf6 21. h5 axb2 22.
Kxb2 Rxa2+ 23. Kc1 Qg5+ 24. Rd2 Na3 25. Nf3 b2+ 0-1

[Event "DEM U10/U10w 2010"]
[Site "Oberhof GER"]
[Date "2010.05.23"]
[Round "1"]
[White "Vogel, Roven"]
[Black "Martin, Julian"]
[Result "1-0"]
[Termination "normal"]
[Board "13"]
[WhiteElo "1480"]
[BlackElo "1126"]
[PlyCount "65"]
[WhiteFideId "12908088"]
[BlackFideId "12941000"]
[EventCountry "GER"]
[EventRounds "11"]
[EventType "swiss"]
[EventDate "2010.05.22"]

1. e4 e5 2. Nf3 Nc6 3. Bc4 Nf6 4. d3 Bc5 5. c3 d6 6. b4 Bb6 7. a4 a6 8. Qb3 O-O
9. Nbd2 Qe7 10. Ba3 Be6 11. O-O Bxc4 12. Nxc4 Ba7 13. b5 axb5 14. axb5 Nb8 15.
Nfxe5 Qd8 16. Nf3 Re8 17. e5 dxe5 18. Ncxe5 Re6 19. Nxf7 Kxf7 20. Ng5+ Kg6 21.
Nxe6 Qxd3 22. Nf4+ Kg5 23. Nxd3 Nbd7 24. Qf7 Nb6 25. Qxg7+ Kf5 26. Be7 Nbd5 27.
g4+ Ke6 28. Rxa7 Rxa7 29. Nc5+ Ke5 30. f4+ Nxf4 31. Qxf6+ Kd5 32. Qxf4 c6 33.
Qd4# 1-0

[Event "DEM U10/U10w 2010"]
[Site "Oberhof GER"]
[Date "2010.05.23"]
[Round "1"]
[White "Tong, Kevin"]
[Black "Mehsin, Yazan"]
[Result "0-1"]
[Termination "normal"]
[Board "14"]
[WhiteElo "1117"]
[BlackElo "1473"]
[PlyCount "110"]
[WhiteFideId "12913944"]
[EventCountry "GER"]
[EventRounds "11"]
[EventType "swiss"]
[EventDate "2010.05.22"]

1. e4 e5 2. Nf3 Nf6 3. Nxe5 d6 4. Nf3 Nxe4 5. d4 d5 6. Bd3 Bg4 7. h3 Bh5 8. O-O
Be7 9. c4 Nf6 10. Nc3 Nc6 11. Be3 O-O 12. c5 Bxf3 13. Qxf3 Bxc5 14. dxc5 d4 15.
Bg5 dxc3 16. Rad1 Nd4 17. Qg3 Ne4 18. Bxd8 Nxg3 19. fxg3 Raxd8 20. bxc3 Ne6 21.
c6 Nc5 22. Bc2 bxc6 23. Rfe1 Ne6 24. Ba4 c5 25. h4 h5 26. Kf2 Kh7 27. Rxd8 Rxd8
28. Bb3 Rd6 29. Bc2+ g6 30. Kf3 Kh6 31. g4 hxg4+ 32. Kxg4 Rd2 33. Bb3 Rxg2+ 34.
Kf3 Rh2 35. Bxe6 fxe6 36. Rxe6 Rxh4 37. Rc6 Rh3+ 38. Kg4 Rxc3 39. Rxc7 Ra3 40.
Rxc5 Rxa2 41. Rc4 a5 42. Rc7 a4 43. Ra7 a3 44. Ra4 Ra1 45. Kf3 g5 46. Kg2 Kh5
47. Kf2 g4 48. Kg2 Kh4 49. Kh2 Ra2+ 50. Kg1 Kh3 51. Kf1 g3 52. Ke1 g2 53. Rf4
g1=Q+ 54. Rf1 Qe3+ 55. Kd1 Qd2# 0-1

[Event "DEM U10/U10w 2010"]
[Site "Oberhof GER"]
[Date "2010.05.23"]
[Round "1"]
[White "Edelmann, Jonas"]
[Black "Burg, Niclas"]
[Result "1/2-1/2"]
[Termination "normal"]
[Board "16"]
[WhiteElo "1107"]
[BlackElo "1467"]
[PlyCount "56"]
[BlackFideId "1271968"]
[EventCountry "GER"]
[EventRounds "11"]
[EventType "swiss"]
[EventDate "2010.05.22"]

1. e4 c5 2. g3 Nc6 3. Bg2 Nf6 4. Nc3 e6 5. Nf3 Be7 6. O-O O-O 7. Re1 d5 8. e5
Nd7 9. d3 Qc7 10. Bf4 b6 11. a3 Bb7 12. Nb5 Qb8 13. Nd6 Bxd6 14. exd6 e5 15.
Nxe5 Ncxe5 16. Bxe5 Nxe5 17. Rxe5 Qxd6 18. Re1 f5 19. c4 f4 20. b3 fxg3 21.
hxg3 Qf6 22. Qe2 Rae8 23. Qd2 Rxe1+ 24. Rxe1 Qd4 25. Qe3 Qxe3 26. Rxe3 d4 27.
Re7 Bxg2 28. Kxg2 Ra8 1/2-1/2

[Event "DEM U10/U10w 2010"]
[Site "Oberhof GER"]
[Date "2010.05.23"]
[Round "1"]
[White "Schmidek, Emil"]
[Black "Rößler, Linus Benedict"]
[Result "1-0"]
[Termination "normal"]
[Board "17"]
[WhiteElo "1740"]
[BlackElo "1105"]
[PlyCount "95"]
[WhiteFideId "12908150"]
[BlackFideId "12921076"]
[EventCountry "GER"]
[EventRounds "11"]
[EventType "swiss"]
[EventDate "2010.05.22"]

1. d4 d5 2. c4 e6 3. Nc3 Nf6 4. Bg5 Be7 5. e3 O-O 6. Bd3 b6 7. Nge2 c5 8. Qc2
g6 9. Rd1 h6 10. Bxh6 Kh7 11. Bxf8 Qxf8 12. h4 Qh6 13. Kd2 Kg7 14. Rdg1 Ng4 15.
Nd1 Nf6 16. g4 Qh8 17. h5 Bb7 18. hxg6 Qg8 19. g5 Ne4+ 20. Bxe4 dxe4 21. gxf7
Kxf7 22. g6+ Ke8 23. g7 Kf7 24. Rh8 Qxg7 25. Rxg7+ Kxg7 26. Re8 Nc6 27. Rxa8
Bxa8 28. Qxe4 cxd4 29. exd4 Kf7 30. Nf4 Ke8 31. Qxe6 Nd8 32. Qc8 Bb4+ 33. Nc3
Bb7 34. Qb8 Bxc3+ 35. bxc3 a5 36. Ne6 Ke7 37. Qxd8+ Kxe6 38. Qxb6+ Kf5 39. Qxb7
a4 40. Ke3 a3 41. Qe4+ Kf6 42. Kf4 Kf7 43. Kg5 Kg7 44. Qg6+ Kh8 45. Qf6+ Kg8
46. Qe7 Kh8 47. Kh6 Kg8 48. Qe8# 1-0

[Event "DEM U10/U10w 2010"]
[Site "Oberhof GER"]
[Date "2010.05.23"]
[Round "1"]
[White "Tsoumanis, Neoptolemos"]
[Black "Moses, Selina"]
[Result "0-1"]
[Termination "normal"]
[Board "18"]
[WhiteElo "1105"]
[BlackElo "1453"]
[PlyCount "64"]
[BlackFideId "12908070"]
[EventCountry "GER"]
[EventRounds "11"]
[EventType "swiss"]
[EventDate "2010.05.22"]

1. e4 e5 2. Nf3 d6 3. d4 Nd7 4. Bc4 exd4 5. Nxd4 Ngf6 6. Nc3 Be7 7. O-O Ne5 8.
Bb3 O-O 9. f3 c6 10. Bg5 h6 11. Bh4 Re8 12. Bxf6 Bxf6 13. Nf5 Bxf5 14. exf5 d5
15. f4 Nd7 16. Qf3 Nc5 17. Rfe1 Nxb3 18. axb3 Bd4+ 19. Kh1 Qf6 20. g4 Qh4 21.
Qg3 Qxg3 22. hxg3 Bf2 23. Rf1 Bxg3 24. g5 hxg5 25. fxg5 Bh4 26. g6 fxg6 27.
fxg6 Rf8 28. Ne2 Rxf1+ 29. Rxf1 Rf8 30. Rg1 Rf5 31. Kh2 Rh5 32. Rg4 Bf6+ 0-1

[Event "DEM U10/U10w 2010"]
[Site "Oberhof GER"]
[Date "2010.05.23"]
[Round "1"]
[White "Gauchel, Lorenz"]
[Black "Müller, Sophie"]
[Result "1/2-1/2"]
[Termination "normal"]
[Board "19"]
[WhiteElo "1451"]
[BlackElo "1102"]
[PlyCount "35"]
[WhiteFideId "12905283"]
[BlackFideId "12926698"]
[EventCountry "GER"]
[EventRounds "11"]
[EventType "swiss"]
[EventDate "2010.05.22"]

1. d4 d5 2. Bf4 Nc6 3. e3 Nf6 4. Nf3 Bg4 5. Be2 e6 6. Nbd2 Be7 7. h3 Bxf3 8.
Nxf3 O-O 9. Ne5 Nxe5 10. dxe5 Nd7 11. c3 Nc5 12. Qc2 Qd7 13. O-O-O Qc6 14. Bd3
Nxd3+ 15. Qxd3 b5 16. Rd2 b4 17. Rc2 Qa4 18. b3 1/2-1/2

[Event "DEM U10/U10w 2010"]
[Site "Oberhof GER"]
[Date "2010.05.23"]
[Round "1"]
[White "Nguyen, Anh Van"]
[Black "Dallinger, Moritz"]
[Result "1-0"]
[Termination "normal"]
[Board "20"]
[WhiteElo "1095"]
[BlackElo "1418"]
[PlyCount "69"]
[WhiteFideId "12908223"]
[BlackFideId "12910864"]
[EventCountry "GER"]
[EventRounds "11"]
[EventType "swiss"]
[EventDate "2010.05.22"]

1. e4 e5 2. f4 exf4 3. Nf3 d5 4. exd5 Nf6 5. Bc4 Nxd5 6. O-O Bc5+ 7. d4 Ne3 8.
Bxe3 fxe3 9. dxc5 O-O 10. Qxd8 Rxd8 11. Ne5 Be6 12. Bxe6 fxe6 13. Re1 Nd7 14.
Nd3 Rf8 15. Nc3 Rf5 16. Rxe3 Nxc5 17. Nxc5 Rxc5 18. Rxe6 Kf7 19. Rae1 Rf8 20.
Re7+ Kg8 21. Re8 Rcf5 22. Rxf8+ Rxf8 23. Re7 Rf7 24. Rxf7 Kxf7 25. Nd5 c6 26.
Nf4 g5 27. Nd3 Kf6 28. Kf2 Kf5 29. Kf3 b6 30. g4+ Ke6 31. Ke4 c5 32. c4 a6 33.
a4 a5 34. b3 h6 35. h3 1-0

[Event "DEM U10/U10w 2010"]
[Site "Oberhof GER"]
[Date "2010.05.23"]
[Round "1"]
[White "Sieber, Fiona"]
[Black "Hoffmann, Christoph"]
[Result "1-0"]
[Termination "normal"]
[Board "21"]
[WhiteElo "1605"]
[BlackElo "1094"]
[PlyCount "87"]
[WhiteFideId "12902373"]
[EventCountry "GER"]
[EventRounds "11"]
[EventType "swiss"]
[EventDate "2010.05.22"]

1. c4 g6 2. Nc3 Bg7 3. d4 d6 4. e4 Nf6 5. Nf3 O-O 6. Be2 Re8 7. O-O b6 8. Be3
Bb7 9. Nd2 e5 10. d5 c6 11. f4 cxd5 12. cxd5 Nbd7 13. f5 Rc8 14. Nb5 Nc5 15.
Bg5 a6 16. Nc3 b5 17. Qe1 h6 18. Bh4 g5 19. Bf2 Qd7 20. b4 Nd3 21. Bxd3 Rxc3
22. Qe2 Rec8 23. Rad1 Qe8 24. Bb6 Rb8 25. Nb1 Rcc8 26. Be3 Nd7 27. h4 f6 28.
Kf2 Ba8 29. Rh1 Nb6 30. Rh2 Qe7 31. Rdh1 Kf7 32. Qh5+ Kf8 33. hxg5 fxg5 34. Qg6
Qf6 35. Qxf6+ Bxf6 36. Rxh6 Bg7 37. Rxd6 Nxd5 38. exd5 Kg8 39. Bxg5 Bf8 40.
Rg6+ Kf7 41. Rh7+ Ke8 42. Re6+ Be7 43. Rexe7+ Kd8 44. Rh8# 1-0

[Event "DEM U10/U10w 2010"]
[Site "Oberhof GER"]
[Date "2010.05.23"]
[Round "1"]
[White "Halas, Julia"]
[Black "Krüger, David"]
[Result "0-1"]
[Termination "normal"]
[Board "22"]
[WhiteElo "1091"]
[BlackElo "1394"]
[PlyCount "108"]
[WhiteFideId "12931810"]
[BlackFideId "12921858"]
[EventCountry "GER"]
[EventRounds "11"]
[EventType "swiss"]
[EventDate "2010.05.22"]

1. e4 e5 2. Nf3 Nc6 3. d4 exd4 4. Nxd4 Bb4+ 5. c3 Bc5 6. Be3 Bb6 7. Be2 Nge7 8.
O-O O-O 9. Nd2 Kh8 10. N2f3 d5 11. e5 f6 12. Nxc6 bxc6 13. Bxb6 axb6 14. Bd3
Be6 15. Re1 c5 16. Qc2 Bg8 17. e6 Qd6 18. Bf5 Rae8 19. Bh3 f5 20. Re5 g6 21.
Rae1 Nc6 22. R5e2 Rxe6 23. Rxe6 Bxe6 24. Ng5 Bg8 25. Qe2 d4 26. Rd1 Qf6 27. Nf3
Bxa2 28. cxd4 Nxd4 29. Nxd4 cxd4 30. Qd3 c5 31. b3 Qe6 32. b4 Re8 33. bxc5 bxc5
34. g3 Qe4 35. Qa3 Bd5 36. f3 Qxf3 37. Qxf3 Bxf3 38. Rc1 Rc8 39. Bf1 Be4 40.
Kf2 Kg7 41. Ke1 Kf6 42. Kd2 Ke5 43. Bd3 Kd5 44. Bc4+ Ke5 45. Bd3 Bxd3 46. Kxd3
Kd5 47. Kd2 c4 48. Ra1 h5 49. h4 Rc6 50. Ra2 Ke4 51. Ke2 c3 52. Ra1 d3+ 53. Ke1
Ke3 54. Kf1 c2 0-1

[Event "DEM U10/U10w 2010"]
[Site "Oberhof GER"]
[Date "2010.05.23"]
[Round "1"]
[White "Bergauz, Noam"]
[Black "Schneider, Jana"]
[Result "1-0"]
[Termination "normal"]
[Board "23"]
[WhiteElo "1393"]
[BlackElo "1073"]
[PlyCount "119"]
[WhiteFideId "12938033"]
[BlackFideId "12924997"]
[EventCountry "GER"]
[EventRounds "11"]
[EventType "swiss"]
[EventDate "2010.05.22"]

1. e4 c5 2. Nf3 d6 3. d4 cxd4 4. Nxd4 Nf6 5. Nc3 g6 6. Be3 Bg7 7. f3 O-O 8. Bc4
Nc6 9. Nb3 Bd7 10. O-O Rc8 11. Be2 a6 12. a4 Ne5 13. a5 Nc4 14. Bxc4 Rxc4 15.
Bb6 Qb8 16. Qd3 Rcc8 17. Rfe1 Be6 18. Nd4 Bc4 19. Qe3 Rfe8 20. Rad1 e5 21. Nde2
Re7 22. b3 Be6 23. Rd3 Rd7 24. Red1 Rc6 25. Qd2 Kh8 26. Nc1 Ng8 27. Nd5 Bh6 28.
Be3 Bxe3+ 29. Qxe3 Rxc2 30. Nb6 Rd8 31. h3 Nf6 32. f4 exf4 33. Qxf4 Nxe4 34.
Qxe4 Bf5 35. Qd4+ Kg8 36. Rc3 Rxc3 37. Qxc3 Qa7 38. Qc7 Qb8 39. Qxb8 Rxb8 40.
Rxd6 Re8 41. Rd1 Bc2 42. Rf1 Re3 43. b4 Re4 44. Na2 Bd3 45. Rd1 Rd4 46. Nc1
Rxb4 47. Nxd3 Rd4 48. Nf2 Ra4 49. Nxa4 Kg7 50. Rd7 Kh6 51. Rxf7 Kg5 52. Ne4+
Kh6 53. g4 g5 54. Rxb7 Kg6 55. Rb6+ Kg7 56. Rxa6 h5 57. Rb6 h4 58. a6 Kf7 59.
a7 Ke7 60. a8=Q 1-0

[Event "DEM U10/U10w 2010"]
[Site "Oberhof GER"]
[Date "2010.05.23"]
[Round "1"]
[White "Bach, Kira Annika"]
[Black "Poghosyan, Tigran"]
[Result "0-1"]
[Termination "normal"]
[Board "24"]
[WhiteElo "1071"]
[BlackElo "1387"]
[PlyCount "132"]
[WhiteFideId "12907677"]
[BlackFideId "12909319"]
[EventCountry "GER"]
[EventRounds "11"]
[EventType "swiss"]
[EventDate "2010.05.22"]

1. e4 c5 2. d4 cxd4 3. Qxd4 Nc6 4. Qa4 Nf6 5. Nc3 e6 6. Bg5 Be7 7. Nf3 h6 8.
Bh4 Qb6 9. Bb5 a6 10. O-O-O Na5 11. Be2 Qd8 12. e5 b5 13. Qd4 Nc6 14. Qd2 b4
15. exf6 bxc3 16. Qxc3 Bxf6 17. Bxf6 Qxf6 18. Qxf6 gxf6 19. Rhe1 Bb7 20. g3 Rc8
21. Nd4 Nb4 22. Kb1 Be4 23. Bd3 Nxd3 24. cxd3 Bd5 25. Nf5 Kf8 26. Nd6 Rc6 27.
Nb7 Ke7 28. Rc1 Rb6 29. Nc5 Rhb8 30. Rc2 d6 31. Na4 Rb4 32. Rec1 Rxa4 33. Rc7+
Kf8 34. Rc8+ Rxc8 35. Rxc8+ Ke7 36. b3 Ra5 37. Rc7+ Ke8 38. Rc8+ Kd7 39. Rf8 e5
40. Rh8 e4 41. d4 Be6 42. Rxh6 Bf5 43. Kb2 Bg6 44. h4 Rf5 45. Kc1 Rxf2 46. h5
Rh2 47. g4 f5 48. g5 Rxh5 49. Rxh5 Bxh5 50. Kd2 f4 51. Ke1 Ke6 52. Kf2 e3+ 53.
Ke1 f3 54. Kf1 Bg4 55. b4 Bh3+ 56. Ke1 f2+ 57. Ke2 f1=Q+ 58. Kxe3 Bg4 59. Kd2
Qe2+ 60. Kc3 d5 61. Kb3 Qc4+ 62. Ka3 a5 63. bxa5 Bd1 64. Kb2 Qb4+ 65. Ka1 Bc2
66. a6 Qb1# 0-1